| 000 | 00929nam a2200301 i 4500 | ||
|---|---|---|---|
| 001 | 15545 | ||
| 003 | DO-SdUEMH | ||
| 005 | 20260130172852.0 | ||
| 007 | ta | ||
| 008 | 211105s2006||||dr |||gr|||| 0|| | spa d | ||
| 020 | _a9945858408 | ||
| 040 |
_aDO-SdUEMH _bspa _erda |
||
| 041 | _aspa | ||
| 082 | 1 | 4 |
_aR-RD 346.0437293003 R788V _mRD _bR788 |
| 084 | _b08-00140 | ||
| 100 | 1 |
_aRosa Holguín, José Gabriel de la _eaut |
|
| 245 | 0 |
_aVocabulario Básico Inmobiliario de la República Dominicana / _cJosé Gabriel de la Rosa Holguín |
|
| 260 | _c2006 | ||
| 264 | 1 |
_aSanto Domingo, República Dominicana : _bUniversal, C. por A. _c2006 |
|
| 264 | 4 | _c©2006 | |
| 300 |
_a227 páginas : _c21 cm. |
||
| 336 |
_2rdacontent _atexto _btxt |
||
| 337 |
_2rdamedia _asin mediación _bn |
||
| 338 |
_2rdacarrier _avolumen _bnc |
||
| 504 | _aContiene Información Bibliográfica a Final de la Obra. | ||
| 942 |
_2ddc _cBK _n0 |
||
| 999 |
_c15545 _d15545 |
||